|
|
|
|
| LEADER |
00914nab a2200229 i 4500 |
| 001 |
publ24343 |
| 005 |
20220513103832.0 |
| 008 |
220513s2010 hu o 0|| Magyar d |
| 022 |
|
|
|a 0030-6002
|
| 024 |
7 |
|
|a 10.1556/oh.2010.17m
|2 doi
|
| 024 |
7 |
|
|a 1898962
|2 mtmt
|
| 040 |
|
|
|a SZTE Publicatio Repozitórium
|b hun
|
| 041 |
|
|
|a Magyar
|
| 100 |
1 |
|
|a Kereszty Éva Margit
|
| 245 |
1 |
0 |
|a Észrevételek a fiatalkorúakkal szemben elkövetett szexuális bántalmazás elkülönítő diagnosztikájához [Contribution to the differential diagnosis of sexual abuse of minors]
|h [elektronikus dokumentum] /
|c Kereszty Éva Margit
|
| 260 |
|
|
|c 2010
|
| 300 |
|
|
|a 714-715
|
| 490 |
0 |
|
|a ORVOSI HETILAP
|v 151 No. 17
|
| 650 |
|
4 |
|a Egyéb orvostudományok
|
| 700 |
0 |
1 |
|a Túri Sándor
|e aut
|
| 700 |
0 |
1 |
|a Lehotzky Helga
|e aut
|
| 856 |
4 |
0 |
|u http://publicatio.bibl.u-szeged.hu/24343/1/17886120-OrvosiHetilapMiscellaneous.pdf
|z Dokumentum-elérés
|